Statistics for Guess the countries + territories that start with L

Click here to take the quiz!

General Stats

  • This quiz has been taken 41 times
  • The average score is 8 of 9

Answer Stats

Answer% Correct
Liechtenstein
100%
Laos
97%
Liberia
97%
Latvia
95%
Lebanon
95%
Lithuania
95%
Luxembourg
95%
Libya
89%
Lesotho
84%

Score Distribution

Percentile by Number Answered

Percent of People with Each Score

Your Score History

You have not taken this quiz